| 000 | 00508nam a2200181Ia 4500 | ||
|---|---|---|---|
| 001 | 19795 | ||
| 005 | 20260306172719.0 | ||
| 008 | 260306t2008||||xx |||||||||||||| ||spa|| | ||
| 041 | _aESP | ||
| 082 |
_a341.1 _bH411 |
||
| 100 |
_aHabermas, Jürgen _eAUT |
||
| 245 | 0 |
_aFacticidad y validez: _bsobre el derecho y el Estado democrático de derecho en términos de teoría del discurso |
|
| 260 | _c2008 | ||
| 300 |
_a689 páginas : _c23 cm. |
||
| 650 | _aGEN | ||
| 654 | _aCDE | ||
| 942 |
_cLIB _dJUS _fJUS _2ddc _n |
||
| 999 |
_c19795 _d19795 |
||